[Event "Berlin Lichtenberger op 18th"]
[Site "Berlin"]
[Date "2019.08.25"]
[Round "9"]
[White "Korell, Klaus Peter"]
[Black "Reck, Jessica"]
[Result "0-1"]
[WhiteElo "1816"]
[BlackElo "1649"]
[PlyCount "70"]
[EventDate "2019.08.17"]
[EventType "swiss"]
[EventRounds "9"]
[EventCountry "GER"]
[SourceTitle "EXT 2020"]
[Source "ChessBase"]
[SourceDate "2019.10.17"]
[SourceVersion "1"]
[SourceVersionDate "2019.10.17"]
[SourceQuality "1"]

1. d4 b6 2. Nf3 Bb7 3. Nbd2 f5 4. e3 Nf6 5. Bd3 e6 6. 0-0 Be7 7. c4 0-0 8. Qc2 Na6 9. a3 g6 10. e4 c5 11. e5 Nh5 12. d5 Nf4 13. d6 Bg5 14. g3 Nxd3 15. Qxd3 Nb8 16. h4 Bh6 17. Re1 Rf7 18. Nf1 Bxc1 19. Raxc1 h6 20. b4 g5 21. N1d2 gxh4 22. Nxh4 Qg5 23. Kh2 Rg7 24. f4 Qh5 25. Qe2 Rg4 26. Kh3 Qf7 27. b5 Qg7 28. Rg1 a6 29. Rc3 Kh7 30. a4 Rxf4 31. gxf4 Qxg1 32. Rg3 Qh1+ 33. Qh2 Qxh2+ 34. Kxh2 axb5 35. axb5 Ra2 0-1

[Event "Berlin Lichtenberger op 18th"]
[Site "Berlin"]
[Date "2019.08.24"]
[Round "8"]
[White "Reck, Jessica"]
[Black "Kapr, Klaus"]
[Result "0-1"]
[WhiteElo "1649"]
[BlackElo "2031"]
[PlyCount "88"]
[EventDate "2019.08.17"]
[EventType "swiss"]
[EventRounds "9"]
[EventCountry "GER"]
[SourceTitle "EXT 2020"]
[Source "ChessBase"]
[SourceDate "2019.10.17"]
[SourceVersion "1"]
[SourceVersionDate "2019.10.17"]
[SourceQuality "1"]

1. e4 Nc6 2. d4 d5 3. e5 Bf5 4. c3 e6 5. Nf3 Nge7 6. Be2 Ng6 7. Na3 Be7 8. Nc2 f6 9. exf6 gxf6 10. Bd3 Be4 11. Qe2 f5 12. Rg1 Qd6 13. g3 0-0-0 14. Bd2 e5 15. 0-0-0 Bxd3 16. Qxd3 e4 17. Qe3 exf3 18. Qxf3 Rhf8 19. Rde1 Rde8 20. Re2 f4 21. Qg4+ Kb8 22. Rge1 Nd8 23. Qh5 Rf7 24. Nb4 c6 25. Nd3 fxg3 26. fxg3 Ref8 27. Nf4 Qf6 28. Ne6 Nxe6 29. Rxe6 Qg7 30. Bh6 Qg8 31. Bxf8 Qxf8 32. Kd2 a6 33. Qg4 Ka7 34. a4 Qh6+ 35. Kd3 Qxh2 36. R6e2 Rf2 37. Rxf2 Qxf2 38. Re2 Qf1 39. Qh5 Bd6 40. Qg4 Bxg3 41. Kc2 Bf4 42. Qg2 Qc1+ 43. Kb3 Qd1+ 44. Ka3 Bd6+ 0-1

[Event "Berlin Lichtenberger op 18th"]
[Site "Berlin"]
[Date "2019.08.17"]
[Round "1"]
[White "Groot, Patrick"]
[Black "Reck, Jessica"]
[Result "1/2-1/2"]
[WhiteElo "1971"]
[BlackElo "1649"]
[PlyCount "52"]
[EventDate "2019.08.17"]
[EventType "swiss"]
[EventRounds "9"]
[EventCountry "GER"]
[SourceTitle "EXT 2020"]
[Source "ChessBase"]
[SourceDate "2019.10.17"]
[SourceVersion "1"]
[SourceVersionDate "2019.10.17"]
[SourceQuality "1"]

1. d4 b6 2. c4 Bb7 3. Nf3 e6 4. Nc3 f5 5. g3 Nf6 6. Bg2 Be7 7. 0-0 0-0 8. b3 Ne4 9. Bb2 Bf6 10. Qc2 Nxc3 11. Bxc3 d6 12. Rfd1 Qe7 13. Rac1 Nd7 14. b4 Rad8 15. c5 Bd5 16. Ne1 Bxg2 17. Kxg2 e5 18. dxe5 dxe5 19. c6 Bg5 20. Bd2 Bxd2 21. Rxd2 Nf6 22. Rcd1 Rxd2 23. Qxd2 e4 24. e3 Qe6 25. b5 Qc4 26. Rb1 Qd5 1/2-1/2

[Event "Berlin-ch QT"]
[Site "Berlin"]
[Date "2017.04.17"]
[Round "9"]
[White "Reck, Jessica"]
[Black "Schmidt, Juergen"]
[Result "1/2-1/2"]
[WhiteElo "1692"]
[BlackElo "1966"]
[PlyCount "83"]
[EventDate "2017.04.09"]
[EventType "swiss"]
[EventRounds "9"]
[EventCountry "GER"]
[SourceTitle "CBM 189 Extra"]
[Source "ChessBase"]
[SourceDate "2019.06.03"]
[SourceVersion "1"]
[SourceVersionDate "2019.06.03"]
[SourceQuality "1"]

1. e4 e5 2. Nf3 Nc6 3. Bc4 Nf6 4. d3 Bc5 5. 0-0 d6 6. c3 Bb6 7. Nbd2 0-0 8. Re1 a6 9. a4 Ne7 10. Nf1 Ng6 11. Ng3 h6 12. h3 Nf4 13. Nh2 Be6 14. Ba2 Qd7 15. Bxf4 exf4 16. Nh5 Nxh5 17. Qxh5 Bxa2 18. Rxa2 f5 19. Nf3 fxe4 20. Rxe4 Rae8 21. Qd5+ Qf7 22. Qxf7+ Kxf7 23. Rxf4+ Ke6 24. Rxf8 Rxf8 25. a5 Ba7 26. b4 Kd5 27. Re2 Rf7 28. c4+ Kc6 29. Re8 b5 30. Kf1 bxc4 31. dxc4 Rf4 32. Ra8 Kb7 33. Rg8 Rxc4 34. Rxg7 Rxb4 35. Rg4 Rb2 36. Nd4 Rd2 37. Ne6 Rxf2+ 38. Ke1 Rf6 39. Nd8+ Kc8 40. Nc6 Bc5 41. Rg8+ Kd7 42. Nb8+ 1/2-1/2

[Event "Berlin-ch QT"]
[Site "Berlin"]
[Date "2017.04.16"]
[Round "8"]
[White "Herrmann, Eberhard"]
[Black "Reck, Jessica"]
[Result "0-1"]
[WhiteElo "1839"]
[BlackElo "1692"]
[PlyCount "48"]
[EventDate "2017.04.09"]
[EventType "swiss"]
[EventRounds "9"]
[EventCountry "GER"]
[SourceTitle "CBM 189 Extra"]
[Source "ChessBase"]
[SourceDate "2019.06.03"]
[SourceVersion "1"]
[SourceVersionDate "2019.06.03"]
[SourceQuality "1"]

1. e4 g6 2. f4 c6 3. Nf3 d5 4. Nc3 Bg4 5. Be2 e6 6. d3 Nd7 7. 0-0 Ne7 8. Ng5 Bxe2 9. Qxe2 h6 10. Nh3 Qb6+ 11. Kh1 h5 12. Ng5 Nf6 13. f5 gxf5 14. exf5 Ng4 15. fxe6 f6 16. Nf7 Rh7 17. a3 a5 18. Rb1 Ng6 19. b4 axb4 20. Rxb4 Bxb4 21. axb4 Qxb4 22. Bd2 Qe7 23. Qf3 N4e5 24. Nxd5 Nxf3 0-1

[Event "Berlin Lichtenberger op 15th"]
[Site "Berlin"]
[Date "2016.08.21"]
[Round "9"]
[White "Lieder, Guenter"]
[Black "Reck, Jessica"]
[Result "0-1"]
[WhiteElo "1866"]
[BlackElo "1653"]
[PlyCount "100"]
[EventDate "2016.08.13"]
[EventType "swiss"]
[EventRounds "9"]
[EventCountry "GER"]
[SourceTitle "CBM 173 Extra"]
[Source "ChessBase"]
[SourceDate "2016.08.29"]
[SourceVersion "1"]
[SourceVersionDate "2016.08.29"]
[SourceQuality "1"]

1. e4 g6 2. d4 c6 3. c3 d5 4. exd5 cxd5 5. Bg5 Bg7 6. Nd2 Nc6 7. Nb3 Nf6 8. Bd3 a6 9. Nf3 0-0 10. 0-0 b5 11. Re1 Re8 12. h3 Qb6 13. Qd2 b4 14. Rab1 bxc3 15. bxc3 Qc7 16. Bh4 Nh5 17. Nc5 e5 18. g4 Nf4 19. Bf1 h5 20. Bg3 hxg4 21. hxg4 Bxg4 22. dxe5 Bxf3 23. Bxf4 Qc8 24. e6 fxe6 25. Bh3 Nd8 26. Qe3 Be4 27. Nxe4 dxe4 28. Qxe4 Kh7 29. Be5 Ra7 30. Bxg7 Rxg7 31. c4 Qd7 32. Rbd1 Qe7 33. Rd2 Qg5+ 34. Kf1 Qxd2 35. c5 Qc3 36. Re3 Qxc5 37. Bg4 Qb5+ 38. Be2 Qf5 39. Qh4+ Kg8 40. Rh3 Nf7 41. Bd3 Qg5 42. Qa4 Qc1+ 43. Kg2 Rc8 44. Qxa6 Qc6+ 45. Qxc6 Rxc6 46. Bb5 Rc5 47. a4 Nd6 48. Bd3 Rc3 49. Kf1 Nb7 50. Ke2 Nc5 0-1

[Event "GER-ch U25-A"]
[Site "Willingen"]
[Date "2016.05.17"]
[Round "5"]
[White "Gressmann, Hanna"]
[Black "Reck, Jessica"]
[Result "1-0"]
[WhiteElo "1781"]
[BlackElo "1692"]
[PlyCount "41"]
[EventDate "2016.05.15"]
[EventType "swiss"]
[EventRounds "9"]
[EventCountry "GER"]
[SourceTitle "CBM 172 Extra"]
[Source "ChessBase"]
[SourceDate "2016.06.21"]
[SourceVersion "1"]
[SourceVersionDate "2016.06.21"]
[SourceQuality "1"]

1. e4 g6 2. d4 c6 3. f4 d5 4. e5 Bg7 5. Nf3 Bg4 6. Bd3 e6 7. Nbd2 Ne7 8. 0-0 Nd7 9. c3 Nf5 10. Qe1 Bxf3 11. Nxf3 Qe7 12. g4 Nh6 13. Qg3 Bf8 14. Qh3 Ng8 15. f5 gxf5 16. gxf5 0-0-0 17. Bg5 f6 18. exf6 Ndxf6 19. fxe6 Kb8 20. Kh1 Qd6 21. Ne5 1-0

[Event "GER-ch U25-A"]
[Site "Willingen"]
[Date "2016.05.16"]
[Round "3"]
[White "Reck, Jessica"]
[Black "Schneider, Edward"]
[Result "1-0"]
[WhiteElo "1692"]
[BlackElo "1651"]
[PlyCount "81"]
[EventDate "2016.05.15"]
[EventType "swiss"]
[EventRounds "9"]
[EventCountry "GER"]
[SourceTitle "CBM 172 Extra"]
[Source "ChessBase"]
[SourceDate "2016.06.21"]
[SourceVersion "1"]
[SourceVersionDate "2016.06.21"]
[SourceQuality "1"]

1. d4 d5 2. Nf3 e6 3. c4 Nf6 4. g3 c5 5. cxd5 Nxd5 6. Bg2 Nc6 7. 0-0 Be7 8. dxc5 Bxc5 9. Qc2 Qb6 10. a3 a5 11. Nc3 Nxc3 12. Qxc3 0-0 13. Bf4 f6 14. Rac1 Be7 15. Rfd1 e5 16. Qc4+ Kh8 17. Be3 Qa6 18. Qc2 Be6 19. Ne1 Rac8 20. Qd3 Qxd3 21. Nxd3 Bb3 22. Rd2 Bf7 23. Rdc2 Be8 24. Bb6 Ra8 25. Bc5 Bxc5 26. Nxc5 Nd4 27. Rd2 Bc6 28. Bxc6 bxc6 29. Kg2 Rfd8 30. Rcd1 Rd5 31. Ne4 Kg8 32. e3 Nb3 33. Rxd5 cxd5 34. Rxd5 Kf7 35. Rb5 a4 36. Nc3 Nd2 37. Rb4 Ke6 38. Nxa4 g5 39. Nc5+ Kd5 40. Nb3 Nc4 41. e4+ 1-0

[Event "Berlin-ch QT"]
[Site "Berlin"]
[Date "2016.04.02"]
[Round "8"]
[White "Reck, Jessica"]
[Black "Schreiber, Ben Luca"]
[Result "1/2-1/2"]
[WhiteElo "1665"]
[BlackElo "1797"]
[PlyCount "68"]
[EventDate "2016.03.26"]
[EventType "swiss"]
[EventRounds "9"]
[EventCountry "GER"]
[SourceTitle "EXT 2022"]
[Source "ChessBase"]
[SourceDate "2021.10.06"]
[SourceVersion "1"]
[SourceVersionDate "2021.10.06"]
[SourceQuality "1"]

1. d4 f5 2. Nf3 Nf6 3. g3 e6 4. Bg2 d5 5. c4 c6 6. 0-0 Bd6 7. b3 0-0 8. Ba3 Ne4 9. Bxd6 Qxd6 10. Qc1 Rf6 11. Ne5 Rh6 12. Nd2 Nd7 13. Nxe4 dxe4 14. Nxd7 Bxd7 15. Rd1 Be8 16. c5 Qc7 17. Qe3 Bh5 18. f3 exf3 19. Bxf3 Bxf3 20. exf3 Rf8 21. f4 Qf7 22. Rd2 Qh5 23. Re1 Rhf6 24. Rde2 Qf7 25. Qe5 Rd8 26. Qe3 h5 27. h4 Re8 28. Qc3 Rg6 29. Kh2 Qd7 30. Qc4 Kf7 31. b4 Rd8 32. Rd1 Qd5 33. Qxd5 Rxd5 34. Re5 Rd7 1/2-1/2

[Event "BL2 Ost 1516 (Women)"]
[Site "Germany"]
[Date "2016.02.28"]
[Round "7.5"]
[White "Weimert, Miriam"]
[Black "Reck, Jessica"]
[Result "1-0"]
[WhiteElo "1692"]
[BlackElo "1659"]
[PlyCount "73"]
[EventDate "2015.09.26"]
[EventType "team-tourn"]
[EventRounds "7"]
[EventCountry "GER"]
[SourceTitle "EXT 2017"]
[Source "ChessBase"]
[SourceDate "2016.10.25"]
[SourceVersion "1"]
[SourceVersionDate "2016.10.25"]
[SourceQuality "1"]
[WhiteTeam "Leipzig Lindenau (W)"]
[BlackTeam "Potsdam (W)"]
[WhiteTeamCountry "GER"]
[BlackTeamCountry "GER"]

1. e4 g6 2. d4 Bg7 3. Nf3 c6 4. a4 d5 5. e5 Bg4 6. h3 Bxf3 7. Qxf3 Nh6 8. Bd3 0-0 9. h4 f6 10. e6 Qd6 11. Qe2 Na6 12. h5 Nb4 13. Bxh6 Bxh6 14. hxg6 Nxd3+ 15. Qxd3 Qxe6+ 16. Kf1 Kg7 17. gxh7 Rh8 18. Nc3 Rxh7 19. Re1 Qd7 20. Re3 Rah8 21. Rg3+ Kf8 22. Rgh3 e5 23. dxe5 fxe5 24. Qg6 Rg7 25. Qf6+ Qf7 26. Qxf7+ Kxf7 27. Rxh6 Rhg8 28. g3 Rg5 29. Rh7+ R8g7 30. Rxg7+ Kxg7 31. Rh4 e4 32. Ke2 Re5 33. Ke3 Kf6 34. Rh7 c5 35. Nxd5+ Rxd5 36. Rxb7 a5 37. Rb5 1-0

[Event "Berlin Lichtenberger op 14th"]
[Site "Berlin"]
[Date "2015.08.20"]
[Round "6"]
[White "Reck, Jessica"]
[Black "Dittrich, Hans Juergen"]
[Result "1-0"]
[WhiteElo "1655"]
[BlackElo "1401"]
[PlyCount "53"]
[EventDate "2015.08.15"]
[EventType "swiss"]
[EventRounds "9"]
[EventCountry "GER"]
[SourceTitle "EXT 2016"]
[Source "ChessBase"]
[SourceDate "2015.10.08"]
[SourceVersion "1"]
[SourceVersionDate "2015.10.08"]
[SourceQuality "1"]

1. d4 d5 2. Nf3 Nf6 3. g3 e6 4. Bg2 Be7 5. 0-0 0-0 6. c4 c5 7. cxd5 Nxd5 8. Nc3 Nxc3 9. bxc3 c4 10. Qa4 Qd5 11. Ne5 Qd8 12. Qxc4 Nd7 13. Nd3 Rb8 14. Bf4 Nb6 15. Qb3 Bd6 16. e4 Bxf4 17. Nxf4 Bd7 18. d5 Ba4 19. Qb4 Rc8 20. dxe6 Rc4 21. exf7+ Rxf7 22. Qa5 Bc6 23. Rad1 Rd7 24. Rxd7 Qxd7 25. Qxa7 Nc8 26. Qe3 Bb5 27. Bh3 1-0

[Event "Berlin Lichtenberger op 14th"]
[Site "Berlin"]
[Date "2015.08.19"]
[Round "5"]
[White "Allaart, Jesse"]
[Black "Reck, Jessica"]
[Result "1-0"]
[WhiteElo "1546"]
[BlackElo "1655"]
[PlyCount "149"]
[EventDate "2015.08.15"]
[EventType "swiss"]
[EventRounds "9"]
[EventCountry "GER"]
[SourceTitle "EXT 2016"]
[Source "ChessBase"]
[SourceDate "2015.10.08"]
[SourceVersion "1"]
[SourceVersionDate "2015.10.08"]
[SourceQuality "1"]

1. e4 c6 2. d4 g6 3. Nf3 d5 4. Nc3 Bg7 5. e5 Bg4 6. Ne2 Nh6 7. Ng3 0-0 8. h3 Bxf3 9. gxf3 c5 10. c3 Nc6 11. Be3 cxd4 12. cxd4 f6 13. Qd2 Nf7 14. f4 fxe5 15. fxe5 e6 16. Be2 Rc8 17. h4 Qa5 18. Qxa5 Nxa5 19. Bg4 Rfe8 20. Bd1 Nc4 21. Ba4 Nxe3 22. fxe3 Re7 23. Kd2 Rec7 24. Ne2 a6 25. Nf4 Nd8 26. Nd3 Kf7 27. h5 g5 28. h6 Bf8 29. Rag1 b5 30. Bb3 Ke8 31. Rxg5 Nf7 32. Rgh5 a5 33. Rf1 Bxh6 34. Rxf7 Bxe3+ 35. Kxe3 Rxf7 36. Nc5 Ke7 37. Bc2 Rg7 38. Rh6 Rc6 39. Rxh7 Rxh7 40. Bxh7 Rc8 41. Bd3 b4 42. Kd2 Rh8 43. Kc2 Rh4 44. Nb3 a4 45. Na5 Rh2+ 46. Kc1 Rh1+ 47. Kd2 Rh2+ 48. Be2 Kd7 49. Nb7 a3 50. Nc5+ Ke7 51. b3 Rh3 52. Nd3 Rh4 53. Nxb4 Rxd4+ 54. Kc3 Re4 55. Bd3 Rh4 56. Bb5 Kf7 57. Nd3 Rh2 58. Nb4 Kg6 59. Bd3+ Kg5 60. Nc2 Kf4 61. Kd4 Rh5 62. Ne3 Kf3 63. Nc2 Rh2 64. b4 Rh4+ 65. Kc5 Kf4 66. Kd4 Kf3+ 67. Kc3 Kf4 68. Nd4 Ke3 69. Nxe6 Rh5 70. Nd4 Rxe5 71. Nc2+ Kf4 72. Nxa3 Re7 73. Nb5 Rb7 74. Kd4 Rd7 75. a4 1-0

[Event "Berlin Lichtenberger op 14th"]
[Site "Berlin"]
[Date "2015.08.18"]
[Round "4"]
[White "Reck, Jessica"]
[Black "Junge, Wolfgang"]
[Result "0-1"]
[WhiteElo "1655"]
[BlackElo "1896"]
[PlyCount "36"]
[EventDate "2015.08.15"]
[EventType "swiss"]
[EventRounds "9"]
[EventCountry "GER"]
[SourceTitle "EXT 2016"]
[Source "ChessBase"]
[SourceDate "2015.10.08"]
[SourceVersion "1"]
[SourceVersionDate "2015.10.08"]
[SourceQuality "1"]

1. d4 Nf6 2. c4 e6 3. Nf3 Bb4+ 4. Bd2 Bxd2+ 5. Qxd2 0-0 6. g3 d5 7. Bg2 Nbd7 8. Qc2 c6 9. Nbd2 Re8 10. 0-0 e5 11. e4 dxe4 12. Nxe4 exd4 13. Nxd4 Nxe4 14. Bxe4 Nf6 15. Nxc6 Qc7 16. Rfe1 Nxe4 17. Rxe4 Rxe4 18. Qxe4 Qxc6 0-1